000
00259nam a2200097Ia 4500
082
_a
EKF|DOTR
245
0
_a
The Little Mermaid CD storybook
100
_a
Dotrice, Roy Bath, 2009
_9
70790
942
_c
BK
008
210817s9999 xx 000 0 und d
999
_c
229973
_d
229972